| 000 | 01370nam a2200385 i 4500 | ||
|---|---|---|---|
| 001 | 15476 | ||
| 003 | KOSZ 005 | ||
| 005 | 20200630093850.0 | ||
| 008 | 200417s1971 pl a f 001 0 pol | ||
| 015 | _aPB 1972/686 | ||
| 040 |
_aWA N _cWA N _dKOSZ 005/RW |
||
| 046 | _k1964 | ||
| 080 | _a621.37/.38 | ||
| 100 | 1 |
_aZagajewski, Tadeusz _d(1912-2010) _eAutor |
|
| 245 | 1 | 0 |
_aUkłady elektroniki przemysłowej / _cTadeusz Zagajewski. |
| 250 | _aWydanie 2 zmienione. | ||
| 260 |
_aWarszawa : _bWydawnictwa Naukowo-Techniczne, _c1971. |
||
| 300 |
_a566 stron : _bilustracje ; _c25 cm. |
||
| 336 |
_aTekst _btxt _2rdacontent |
||
| 337 |
_aBez urządzenie pośredniczącego _bn _2rdamedia |
||
| 338 |
_aWolumin _bnc _2rdacarrier |
||
| 380 | _aKsiążki | ||
| 380 | _aPublikacje fachowe | ||
| 380 | _aPublikacje dydaktyczne | ||
| 388 | _a1901-2000 | ||
| 388 | _a1945-1989 | ||
| 504 | _aBibliografia przy rozdziałach. Indeks. | ||
| 521 | 8 | _aKsiążka jest przeznaczona dla inżynierów elektryków oraz studentów wyższych szkół technicznych. | |
| 650 | 7 | _aElektronika przemysłowa | |
| 655 | 7 | _aPodręcznik | |
| 658 | _aInżynieria i technika | ||
| 710 | 2 |
_aWydawnictwa Naukowo-Techniczne _4pbl |
|
| 856 |
_uhttp://koha.tu.koszalin.pl/cgi-bin/koha/opac-detail.pl?biblionumber=15475 _yKatalog online BPK |
||
| 942 |
_2UKD _cKS |
||
| 999 |
_c15475 _d15475 |
||